000 01062pab a2200217 454500
008 180718b1993 xxu||||| |||| 00| 0 eng d
100 _aDwivedi O.P.
245 _aPublic service reforms in Canada for the twenty-first century
260 _c1993
300 _ap.46-66.
362 _aJan-Mar
520 _aWith a brief background of civil service reform effort in the past in Canada, the author focuses discussion on the latest effort embodied in Public Service 2000 report. He gives a detailed analytical account of the changes envisaged for the future through The Public Service Reform Act. He also briefly states both the advantages and the difficulties it is likely to create in government-civil service relations. Reproduced.
650 _aPublic Service Staff Relations Act -- Canada
650 _aPublic Service and Employment Act, 1967 -- Canada
650 _aCivil Service Act -- Canada
650 _aCivil Service -- Canada
650 _aCivil Service
773 _aIndian Journal of Public Administration
908 _aN
909 _a24703
999 _c24703
_d24703